Career Coach/ (Record no. 189645)

MARC details
000 -LEADER
fixed length control field 00540nam a22001817a 4500
005 - DATE AND TIME OF LATEST TRANSACTION
control field 20220708145639.0
010 ## - LCCN (DPL NO)
LC control number ENG-133447
020 ## - INTERNATIONAL STANDARD BOOK NUMBER
International Standard Book Number 9788192557572
Terms of availability 775.00
035 ## - SYSTEM CONTROL NUMBER
System control number EN-116979
037 ## - SOURCE OF ACQUISITION
Source of stock number/acquisition DBAD/PUB
082 ## - DEWEY DECIMAL CLASSIFICATION NUMBER
Classification number 650.1082
100 ## - MAIN ENTRY--PERSONAL NAME
Personal name Beri, Umesh
245 ## - TITLE STATEMENT
Title Career Coach/
Statement of responsibility, etc Umesh Beri
260 ## - PUBLICATION, DISTRIBUTION, ETC. (IMPRINT)
Place of publication, distribution, etc New Delhi
Name of publisher, distributor, etc Aryan Prakashan
Date of publication, distribution, etc 2018
270 ## - ADDRESS
City New Delhi
Postal code 110045
Address 3rd Floor, H-1/48, Bengali Colony, Mahaveer Enclave
300 ## - PHYSICAL DESCRIPTION
Extent 256p.
Dimensions 21cm(pbk)
Other physical details Bibliography
942 ## - ADDED ENTRY ELEMENTS (KOHA)
Source of classification or shelving scheme Dewey Decimal Classification
Item type English Books
Classification part 650.1082
Call number suffix BER
Holdings
Withdrawn status Lost status Not for loan Collection code Home library Current library Date acquired Source of acquisition Cost, normal purchase price Full call number Barcode Copy number Cost, replacement price Koha item type
      Non-fiction Ashok Vihar Ashok Vihar 08/07/2022 DBAD/PUB 775.00 650.1082 BER EN-116979 1 775.00 English Books

© Delhi Public Library
Hit Counter
free hit counter